00667cam a2200169 a 45000050016000000200026000160370008000421000017000502450107000672600028001742700110002023000031003126500053003436500060003967000021004567000020004772012010907487.0 a9788189934385c150.00 bPUB aDamm, Antje  aFledolin:cby Antje Damm; translated from the German by Shatabadi Ghosh & Sophie Trauerbupside down / aNew Delhi bKathac2009 aA3 Sarvodaya Enclave Sri Aurobindo Marg,bNew Delhie110017k26524350l26514373mkathavilasam@katha.org aunpages c26cm(pbk)bill.  aShort stories, IndicxTranslations into English. aIndic fictiony20th centuryxTranslations into English. aGhosh, Shatabadi a Trauer, Sophie